中国铁路特大规模车站 Top China railway stations by size - Statistics

General Stats
  • This quiz has been taken 1 020 times
  • The average score is 25 of 41
Answer Stats
台面数 车站 % Correct
30 上海虹桥
91%
28 南京南
91%
24 北京南
90%
30 郑州东
89%
28 广州南
89%
18 北京西
88%
20 武汉
86%
34 西安北
85%
26 成都东
83%
28 杭州东
81%
24 长沙南
80%
20 深圳北
80%
18 沈阳
79%
29 重庆西
75%
18 天津
73%
24 石家庄
71%
18 哈尔滨西
67%
30 昆明南
64%
22 南昌西
63%
24 徐州东
62%
22 合肥南
61%
26 福州南
59%
18 汉口
59%
25 济南东
58%
24 兰州西
58%
24 天津西
58%
28 贵阳北
56%
24 南宁东
56%
23 厦门北
56%
18 太原南
53%
32 北京丰台
52%
21 广州白云
44%
18 大连北
39%
22 沈阳南
37%
20 杭州西
37%
30 郑州航空港
36%
18 红岛
15%
19 佛山西
13%
19 雄安
12%
20 义乌
11%
18 阜阳西
6%
No matching quizzes found
Score Distribution
Percent of People with Each Score
Percentile by Number Answered
Your Score History
You have not taken this quiz